[Event "GRE CupT 40th f/16"]
[Site "Greece"]
[Date "2022.06.19"]
[Round "1.7"]
[White "Malataras, Gerasimos"]
[Black "Lamprou, Konstantinos Georgi"]
[Result "1-0"]
[WhiteElo "1968"]
[BlackElo "1762"]
[PlyCount "123"]
[EventDate "2022.06.19"]
[EventType "team-k.o."]
[EventRounds "1"]
[EventCountry "GRE"]
[SourceTitle "EXT 2024"]
[Source "ChessBase"]
[SourceDate "2023.10.10"]
[SourceVersion "1"]
[SourceVersionDate "2023.10.10"]
[SourceQuality "1"]

1. d4 d5 2. Nf3 Nf6 3. g3 g6 4. Bg2 Bg7 5. 0-0 0-0 6. c4 c6 7. b3 Bf5 8. Bb2 Nbd7 9. e3 Ne4 10. Qe2 Bg4 11. h3 Bxf3 12. Bxf3 f5 13. cxd5 cxd5 14. Qb5 Nb6 15. a4 Qd7 16. Qd3 Nc8 17. Nc3 Nxc3 18. Qxc3 e6 19. Rfc1 Nd6 20. Qc7 Rf7 21. Qxd7 Rxd7 22. Ba3 Ne4 23. Rc2 Bf8 24. Bxf8 Rxf8 25. Rac1 Rff7 26. Rc8+ Kg7 27. Bxe4 fxe4 28. b4 Kf6 29. b5 Ke7 30. a5 Kd6 31. h4 Rc7 32. b6 axb6 33. axb6 Rc6 34. R1xc6+ bxc6 35. g4 Rb7 36. g5 Rxb6 37. Rd8+ Ke7 38. Rh8 Kd6 39. Rxh7 c5 40. dxc5+ Kxc5 41. Rh6 e5 42. h5 d4 43. Rxg6 Rb1+ 44. Kg2 d3 45. Rg8 Rb7 46. g6 Rd7 47. Rc8+ Kd6 48. Rc1 d2 49. Rd1 Ke6 50. Kf1 Kf6 51. Ke2 Kg5 52. Rh1 Kh6 53. Kd1 Rd8 54. Rh4 Rf8 55. Rh2 Rd8 56. Rh4 Rf8 57. Rxe4 Rf5 58. Rg4 Kg7 59. h6+ Kg8 60. Ra4 Rf8 61. f4 Re8 62. f5 1-0

[Event "GRE-chT Online Rapid op 1st"]
[Site "Tornelo INT"]
[Date "2021.02.21"]
[Round "6.19"]
[White "Lamprou, Konstantinos Georgi"]
[Black "Doudoulakakis, Ioannis"]
[Result "0-1"]
[WhiteElo "1787"]
[BlackElo "1504"]
[PlyCount "140"]
[EventDate "2021.02.20"]
[EventType "team-swiss (rapid)"]
[EventRounds "9"]
[EventCountry "GRE"]
[SourceTitle "EXT 2023"]
[Source "ChessBase"]
[SourceDate "2022.10.05"]
[SourceVersion "1"]
[SourceVersionDate "2022.10.05"]
[SourceQuality "1"]

1. d4 Nf6 2. Bf4 d5 3. e3 g6 4. Nf3 Bg7 5. c4 c5 6. Nc3 0-0 7. Be2 dxc4 8. Bxc4 Nc6 9. 0-0 cxd4 10. Nxd4 Nxd4 11. exd4 a6 12. Be2 b5 13. Bf3 Ra7 14. Bb8 Rd7 15. Be5 Ne8 16. Bc6 Rxd4 17. Bxd4 Qxd4 18. Qxd4 Bxd4 19. Rad1 e5 20. Nd5 Kg7 21. b3 Nd6 22. Ne3 Nf5 23. Nc2 Bb6 24. Nb4 Nd4 25. Nd5 Ba7 26. Rfe1 Nxc6 27. Rc1 Bb7 28. Nc3 Rd8 29. Ne4 f6 30. h3 Kf7 31. Rc2 Bb6 32. Rcc1 Nd4 33. Nc5 Bxc5 34. Rxc5 Bc6 35. Kf1 Rd5 36. Rcc1 Ke6 37. Red1 Kd6 38. f3 Rc5 39. Rb1 Rc2 40. a4 b4 41. Rdc1 Rxc1+ 42. Rxc1 Nxb3 43. Rd1+ Nd4 44. a5 b3 45. Rb1 Kc5 46. Ke1 Kb5 47. Kd2 Kxa5 48. Kc3 Kb5 49. f4 Bxg2 50. fxe5 fxe5 51. h4 Bd5 52. Re1 Nf3 53. Rd1 Kc5 54. Ra1 Kb5 55. Rd1 Nd4 56. Re1 Nc6 57. Rd1 Kc5 58. Ra1 a5 59. Ra4 Kb5 60. Ra1 a4 61. Rd1 Nd4 62. Ra1 Nc2 63. Rd1 Kc5 64. Kb2 a3+ 65. Kb1 a2+ 66. Kb2 a1Q+ 67. Rxa1 Nxa1 68. h5 gxh5 69. Ka3 Nc2+ 70. Kb2 Nd4 0-1

[Event "Plomari op 1st"]
[Site "Plomari"]
[Date "2019.07.22"]
[Round "6"]
[White "Santorinaios, Hristodoulos"]
[Black "Lamprou, Konstantinos Georgi"]
[Result "1/2-1/2"]
[WhiteElo "1904"]
[BlackElo "1696"]
[PlyCount "36"]
[EventDate "2019.07.18"]
[EventType "swiss"]
[EventRounds "9"]
[EventCountry "GRE"]
[SourceTitle "EXT 2020"]
[Source "ChessBase"]
[SourceDate "2019.10.17"]
[SourceVersion "1"]
[SourceVersionDate "2019.10.17"]
[SourceQuality "1"]

1. d4 Nf6 2. c4 e5 3. dxe5 Ng4 4. Nf3 Bc5 5. e3 Nc6 6. Be2 0-0 7. 0-0 Ngxe5 8. b3 Nxf3+ 9. Bxf3 Qf6 10. Qc2 Qxa1 11. Nc3 Nb4 12. Qd2 Nxa2 13. Bb2 Qxf1+ 14. Kxf1 Bb4 15. Qc2 Nxc3 16. Bxc3 Bxc3 17. Qxc3 d6 18. Qa5 c6 1/2-1/2

[Event "Plomari op 1st"]
[Site "Plomari"]
[Date "2019.07.20"]
[Round "4"]
[White "Lamprou, Dimitrios"]
[Black "Lamprou, Konstantinos Georgi"]
[Result "0-1"]
[WhiteElo "1142"]
[BlackElo "1696"]
[PlyCount "48"]
[EventDate "2019.07.18"]
[EventType "swiss"]
[EventRounds "9"]
[EventCountry "GRE"]
[SourceTitle "EXT 2020"]
[Source "ChessBase"]
[SourceDate "2019.10.17"]
[SourceVersion "1"]
[SourceVersionDate "2019.10.17"]
[SourceQuality "1"]

1. e4 e6 2. d4 d5 3. Nd2 Nf6 4. Bd3 c5 5. c3 Nc6 6. Ngf3 Be7 7. 0-0 0-0 8. e5 Nd7 9. Re1 Qb6 10. Nf1 f6 11. Ng3 f5 12. b3 cxd4 13. c4 Nc5 14. a4 Nxd3 15. Qxd3 Nb4 16. Qxd4 Nc2 17. Qxb6 axb6 18. Bb2 Nxe1 19. Rxe1 dxc4 20. bxc4 Rxa4 21. Rc1 Rd8 22. Nd4 Bc5 23. Nb3 f4 24. Ne4 Rxc4 0-1